| 000 | 00692 a2200193 4500 | ||
|---|---|---|---|
| 999 |
_c9837 _d9837 |
||
| 020 | _a9781138684362 (pbk) | ||
| 050 | 0 | 0 | _aKD 2460 CAR 2018 |
| 100 | 1 |
_aCarr, Indira, _eauthor. |
|
| 245 | 1 | 0 |
_aInternational trade law / _cIndira Carr, Peter Stone. |
| 250 | _a6th ed.. | ||
| 264 | 1 |
_aAbingdon, Oxon ; _aNew York, NY : _bRoutledge, _c2018 |
|
| 300 | _a748p.; | ||
| 500 | _aIncludes bibliographical references and index | ||
| 504 | _aIncludes bibliographical references and index | ||
| 650 | 0 | _aForeign trade regulation | |
| 700 | 1 |
_aStone, Peter, _d1947- _eauthor. |
|
| 942 |
_2lcc _cBK _e6th ed. _h2460 _iCAR _kKD |
||